Steden van Noord-Brabant - Statistics

General Stats
  • This quiz has been taken 48 times
  • The average score is 10 of 22
Answers on the Map
Answers color-coded by a green-red scale on the quiz's map according to % correct below.
 
Answer Stats
answer % Correct
Eindhoven
98%
Tilburg | Tilbourg
95%
Breda | Bréda
93%
's Hertogenbosch | Den Bosch | Bois-le-Duc | Herzogenbusch
93%
Bergen op Zoom | Berg-op-Zoom | Bergues-sur-le-Zon
82%
Oss
75%
Helmond | Helmont
61%
Waalwijk
55%
Oosterhout
52%
Oisterwijk
41%
Willemstad
39%
Steenbergen
34%
Zevenbergen
30%
Geertruidenberg | Mont-Sainte-Gertrude
25%
Klundert
25%
Sint Oedenrode | Rhode-Saint-Oude
23%
Bergeijk
20%
Grave
20%
Heusden
18%
Ravenstein
18%
Woudrichem
18%
Megen
16%
No matching quizzes found
Score Distribution
Percent of People with Each Score
Percentile by Number Answered
Your Score History
You have not taken this quiz